Guida bibliografica allo studio dello Strambotto

Guardat en:
Dades bibliogràfiques
Autor principal: D'Aronco, Gianfranco (Autor)
Format: Llibre
Idioma:italià
Publicat: Módena Societa Tipografica Modenese 1951
Col·lecció:Testi e Manuali
Matèries:
Etiquetes: Afegir etiqueta
Sense etiquetes, Sigues el primer a etiquetar aquest registre!

MARC

LEADER 00000nam a2200000 a 4500
001 UCY7518
003 CL-VaPUC
008 950614e19510000IT |||||||||||||||||ita|d
082 0 4 |a 851  |b DAR  |2 21 
100 0 |a D'Aronco, Gianfranco  |e author  |9 338037 
245 1 0 |a Guida bibliografica allo studio dello Strambotto 
300 |a 102 p 
942 |c BK 
945 |d 19950614 00:00:00  |a rbrito 
260 |a Módena  |b Societa Tipografica Modenese  |c 1951 
650 0 |a Poesías italianas  |9 265352 
583 |a last modification  |c 19950614 00:00:00  |k Rodrigo Vera 
490 0 |a Testi e Manuali 
999 |c 234873  |d 234871